[Event "FRA-chTW Top 12 2019"]
[Site "Vandoeuvre"]
[Date "2019.05.02"]
[Round "1.1"]
[White "Paehtz, Elisabeth"]
[Black "Javakhishvili, Lela"]
[Result "1-0"]
[WhiteElo "2470"]
[BlackElo "2459"]
[Annotator "TA"]
[PlyCount "55"]
[EventDate "2019.05.02"]
[EventType "team-tourn"]
[EventCountry "FRA"]
[SourceTitle "playchess.com"]
[Source "ChessBase"]
[SourceQuality "1"]

{[%evp 18,55,43,36,37,32,45,52,48,35,53,33,26,17,10,19,45,43,41,41,56,52,45,49,52,45,45,53,45,45,48,41,70,62,107,97,248,248,4906,4309]} 1. e4 c5 2. Nf3 e6 3. d4 cxd4 4. Nxd4 Nc6 5. Nc3 Qc7 6. f4 a6 7. Nxc6 Qxc6 8. Bd3 b5 9. Qe2 Bb7 10. Bd2 Rc8 {B47: Sicilian: Taimanov: 5 Nc3 Qc7 6 f4, 6 g3 and 6 Be2} (10... Bc5 11. O-O-O Ne7 12. a3 O-O 13. Qh5 f6 14. Rhf1 Rf7 15. g4 b4 16. axb4 Bxb4 17. e5 f5 18. Rg1 Rc8 {0-1 (53) Saric,I (2669)-Harikrishna,P (2744) Riadh 2017}) 11. a3 h5 12. Rf1 Nf6 $146 {White is slightly better.} ({Predecessor:} 12... b4 13. axb4 Bxb4 14. e5 f5 15. Nb1 Be7 16. Na3 Nh6 17. Nc4 O-O 18. Qxh5 {0-1 (36) Hracek,Z (2610)-Perunovic,M (2608) Heraklio 2017}) 13. e5 Nd5 {[%cal Rd5c3]} 14. Be4 Qc4 15. Nxd5 Bxd5 16. Qxc4 Bxc4 17. Rf3 d5 18. exd6 $1 Bxd6 19. b3 Bd5 20. Bxd5 exd5 21. a4 Kd7 22. axb5 axb5 23. Rd3 Rxc2 24. Rxd5 Kc6 25. Rd3 {Hoping for Ra6+.} Bb8 26. Kd1 Rc5 $2 {[#]} (26... Rxd2+ $16 {keeps fighting.} 27. Rxd2 Bxf4) 27. Be3 $1 $18 Rf5 $2 (27... h4 28. Bxc5 Kxc5) 28. Rc1+ {Accuracy: White = 94%, Black = 30%.} 1-0

[Event "FRA-chTW Top 12 2019"]
[Site "Vandoeuvre"]
[Date "2019.05.02"]
[Round "1.1"]
[White "Gaponenko, Inna"]
[Black "Rapport, Jovana"]
[Result "1-0"]
[WhiteElo "2445"]
[BlackElo "2362"]
[Annotator "TA"]
[PlyCount "41"]
[EventDate "2019.05.02"]
[EventType "team-tourn"]
[EventCountry "FRA"]
[SourceTitle "playchess.com"]
[Source "ChessBase"]
[SourceQuality "1"]

{[%evp 12,101,29,24,32,-62,32,14,25,0,0,0,0,0,0,0,0,0,0,0,0,0,14,8,6,12,186,198,342,333,350,335,325,339,300,210,213,205,224,208,299,242,330,323,332,325,324,333,304,273,303,304,333,312,329,237,229,181,184,186,178,77,183,116,193,193,223,106,115,113,272,266,231,229,651,650,640,635,1929,1922,1922,1881,1638,948,5310,5277,5081,3702,5302,3031,2284,2200]} 1. e4 c6 2. d4 d5 3. e5 Bf5 4. Nf3 e6 5. Be2 c5 6. Be3 Qb6 7. Nc3 c4 {B12: Caro-Kann: Advance Variation} (7... Nc6 8. O-O Qxb2 9. Qe1 cxd4 10. Bxd4 Nxd4 11. Nxd4 Bb4 12. Ndb5 Ba5 13. Rb1 Qxc2 14. Rb3 Ne7 15. Nd6+ Kf8 16. Nxb7 Bb6 17. Nd6 Ba5 18. Nb7 Bb6 19. Nd6 Ba5 20. Nb7 {½-½ (20) Vachier Lagrave,M (2773)-Anand,V (2774) Karlsruhe/Baden Baden 2019}) 8. Qd2 (8. Rb1 $14) 8... Bb4 ({Black should play} 8... Qxb2 $15 9. Rb1 Qxc2 10. Rxb7 Nc6) 9. O-O h6 $146 {The position is equal.} ({Predecessor:} 9... Ne7 10. Nh4 Nbc6 11. g4 Bg6 12. Nxg6 hxg6 13. Qd1 a6 14. Na4 Qc7 15. c3 {1-0 (71) Matthaei,A (2320)-Epding,V Germany 1995}) 10. Na4 Bxd2 11. Nxb6 axb6 12. Nxd2 Bxc2 13. Rfc1 $36 {[%mdl 2048] White has good play.} Bg6 14. b3 cxb3 15. Bb5+ Kd8 {[#] Hoping for ...b2.} 16. Nxb3 Ne7 17. a4 {[%cal Ba2a4,Ba4a5][%mdl 32] aiming for a5.} Nbc6 18. Bd2 Ra7 $2 {[#]} (18... Kc7 $11) 19. a5 $1 $18 {[%cal Ra5b6]} Kc7 (19... bxa5 $142 20. Bxa5+ (20. Nxa5 Kc7 $11) 20... Kc8) 20. Bb4 $1 {[%cal Rb4d6] And now Bd6+ would win.} Kd8 21. axb6 {Played: a5-a6} 1-0

[Event "FRA-chTW Top 12 2019"]
[Site "Vandoeuvre"]
[Date "2019.05.02"]
[Round "1.2"]
[White "Sebag, Marie"]
[Black "Haussernot, Cecile"]
[Result "0-1"]
[WhiteElo "2476"]
[BlackElo "2097"]
[Annotator "TA"]
[PlyCount "86"]
[EventDate "2019.05.02"]
[EventType "team-tourn"]
[EventCountry "FRA"]
[SourceTitle "playchess.com"]
[Source "ChessBase"]
[SourceQuality "1"]

{[%evp 19,86,10,10,19,15,19,17,17,19,18,14,18,21,13,33,24,30,15,25,13,14,12,29,17,25,0,12,14,26,23,56,52,73,-118,-126,-163,-65,-175,-17,-139,107,101,96,0,5,-33,-32,-112,-102,-145,-111,-111,-115,-127,-118,-113,-81,-102,-94,-846,-835,-29986,-29987,-29989,-29990,-29996,-29997,-29997,-29998]} 1. e4 c5 2. Nf3 d6 3. d4 cxd4 4. Qxd4 Nc6 5. Bb5 a6 6. Bxc6+ bxc6 7. c4 e5 8. Qd3 Qc7 9. O-O Nf6 10. Nc3 Be7 11. h3 {B51: Sicilian: Moscow Variation (3 Bb5+) without 3...Bd7} (11. Bg5 O-O 12. Rad1 Rd8 13. Nh4 Nh5 14. Bxe7 Qxe7 15. Nf5 Bxf5 16. exf5 Nf6 17. Rfe1 d5 18. b3 h6 {0-1 (47) Malakhov,V (2694)-Grischuk,A (2792) Dubai 2014}) 11... O-O 12. Be3 Rd8 13. Rac1 $146 {The position is equal.} ({Predecessor:} 13. Rfd1 h6 14. Rac1 Be6 15. Qe2 Rac8 16. b3 Qb8 17. Na4 Re8 18. c5 d5 19. exd5 cxd5 20. Qxa6 {½-½ (43) Shubin,K (2399)-Levin,E (2511) St Petersburg 2016}) 13... h6 14. Na4 {Strongly threatening Bb6.} Rb8 15. b3 Be6 16. Rfd1 Rd7 17. Qc2 Re8 18. Bb6 Qb8 19. Qe2 Nh5 20. Be3 Nf6 21. Bd2 Bd8 22. Bc3 Bc7 23. Ne1 Nh7 24. Nd3 f5 25. exf5 Bxf5 26. Qf3 $2 (26. Nb4 $1 $16) 26... Rf7 $17 27. Qxc6 Ref8 (27... Ng5 $19 {aiming for ...Qc8.} 28. h4 (28. Qxa6 Qd8 $11) 28... Ne4) 28. Nb4 (28. c5 $1 $15 Bd7 29. Qe4) 28... Bc8 $2 (28... Ng5 $1 $19 {White must now prevent ...Be4.} 29. h4 (29. Qxa6 Bxh3 30. Rc2 Qd8 $19) (29. Nxa6 $2 Qc8 $19) 29... Bc8) 29. Nxa6 (29. Qd5 $1 $11 Bb7 30. Nc6) 29... Bxa6 $2 (29... Qa7 $1 $17 {and life is bright.} 30. Nxc7 Qxf2+ 31. Kh1 Ng5) 30. Qxa6 $16 Rxf2 31. Rd2 ({Better is} 31. c5 $16 {[%cal Rc5d6]} Qd8 32. Be1 (32. cxd6 Qg5 $11) 32... Rxa2 33. cxd6) 31... R2f6 $1 $11 32. Qc6 Ng5 {[%mdl 1024] Black has compensation.} 33. Qd5+ (33. Rd3 $15) 33... Kh8 $17 34. Rdd1 Rg6 35. Kh1 Qc8 {Threatens to win with ...Nxh3!} 36. Rd3 {[#]} Rf2 $1 {...Qf5 is the strong threat.} 37. Rg3 {[#]} Qf5 $1 {[%cal Rf5f4]} 38. Re1 Rxa2 39. h4 $2 {[%mdl 8192] [#]} (39. Rg1 $17) 39... Qf4 $1 $19 {[%mdl 576] Double Attack} 40. Ree3 Qxh4+ {Black mates.} 41. Kg1 {[#]} Nh3+ $1 {[%mdl 512]} 42. Rxh3 (42. gxh3 Rxg3+) 42... Qf2+ {[%mdl 64] Double Attack} 43. Kh1 Qf1+ {Accuracy: White = 34%, Black = 53%.} 0-1

[Event "FRA-chTW Top 12 2019"]
[Site "Vandoeuvre"]
[Date "2019.05.02"]
[Round "1.2"]
[White "Safranska, Anda"]
[Black "Skripchenko, Almira"]
[Result "0-1"]
[WhiteElo "2188"]
[BlackElo "2406"]
[Annotator "NA"]
[PlyCount "86"]
[EventDate "2019.05.02"]
[EventType "team-tourn"]
[EventCountry "FRA"]
[SourceTitle "playchess.com"]
[Source "ChessBase"]
[SourceQuality "1"]
[TimeControl "40/5400+30:1800+30"]

1. Nf3 {[%emt 0:00:00]} c5 {[%emt 0:00:16]} 2. g3 {[%emt 0:00:00]} Nc6 {[%emt 0:00:11]} 3. Bg2 {[%emt 0:00:00]} g6 {[%emt 0:02:19]} 4. e4 {[%emt 0:00:20]} Bg7 {[%emt 0:01:35]} 5. O-O {[%emt 0:00:07]} e5 {[%emt 0:01:38]} 6. d3 {[%emt 0:00:27]} Nge7 {[%emt 0:00:20]} 7. c3 {[%emt 0:00:17]} O-O {[%emt 0:01:26]} 8. a3 {[%emt 0:00:06]} d6 {[%emt 0:02:06]} 9. b4 {[%emt 0:00:12]} h6 {[%emt 0:01:31]} 10. Nbd2 {[%emt 0:00:11]} Be6 {[%emt 0:01:52]} 11. Re1 {[%emt 0:00:57]} b6 {[%emt 0:08:38]} 12. Nb3 {[%emt 0:00:54]} Qd7 {[%emt 0:05:39]} 13. Bb2 {[%emt 0:11:43]} Rac8 {[%emt 0:09:33]} 14. Rb1 {[%emt 0:05:50]} f5 {[%emt 0:04:55]} 15. exf5 {[%emt 0:00:10]} gxf5 {[%emt 0:10:09]} 16. b5 {[%emt 0:14:12]} Nd8 {[%emt 0:01:18]} 17. c4 {[%emt 0:00:21]} Nf7 {[%emt 0:01:48]} 18. Nbd2 {[%emt 0:00:20]} Ng6 {[%emt 0:04:59]} 19. h4 {[%emt 0:18:48]} Rfe8 {[%emt 0:13:19]} 20. Qc2 {[%emt 0:01:56]} Qc7 {[%emt 0:02:27]} 21. Nf1 {[%emt 0:00:30]} Qd7 {[%emt 0:00:30]} 22. a4 {[%emt 0:00:30]} h5 {[%emt 0:00:30]} 23. Ne3 {[%emt 0:00:30]} Ne7 {[%emt 0:00:30]} 24. Nf1 {[%emt 0:00:30]} Rf8 {[%emt 0:00:30]} 25. Rbd1 {[%emt 0:00:30]} Ng6 {[%emt 0:00:30]} 26. Ne3 {[%emt 0:00:30]} f4 {[%emt 0:00:30]} 27. Nd5 {[%emt 0:00:30]} Bg4 {[%emt 0:00:30]} 28. Rb1 {[%emt 0:00:30]} Ne7 {[%emt 0:00:30]} 29. Nxe7+ {[%emt 0:00:30]} Qxe7 {[%emt 0:00:30]} 30. Nd2 {[%emt 0:00:30]} Nh6 {[%emt 0:00:30]} 31. Bd5+ {[%emt 0:00:30]} Kh8 {[%emt 0:00:30]} 32. Ne4 {[%emt 0:00:30]} Nf5 {[%emt 0:00:30]} 33. Ng5 {[%emt 0:00:30]} Nd4 {[%emt 0:00:30]} 34. Bxd4 {[%emt 0:00:30]} cxd4 {[%emt 0:00:30]} 35. Kg2 {[%emt 0:00:30]} Bh6 {[%emt 0:00:30]} 36. Nf3 {[%emt 0:43:39]} Qg7 {[%emt 0:22:34]} 37. Nh2 fxg3 {[%emt 0:00:30]} 38. fxg3 {[%emt 0:00:00]} Bf4 {[%emt 0:00:30]} 39. Nf1 {[%emt 0:00:00]} Rf6 {[%emt 0:00:30]} 40. Kh1 {[%emt 0:00:00]} Bh6 {[%emt 0:00:30]} 41. Qg2 {[%emt 0:29:54]} Rcf8 {[%emt 0:30:22]} 42. Rb2 {[%emt 0:00:30]} Qd7 {[%emt 0:00:57]} 43. Qg1 {[%emt 0:02:17]} Qf5 {[%emt 0:00:56]} 0-1

[Event "FRA-chTW Top 12 2019"]
[Site "Vandoeuvre"]
[Date "2019.05.02"]
[Round "1.3"]
[White "Richard, Emma"]
[Black "Maisuradze, Nino"]
[Result "0-1"]
[WhiteElo "2120"]
[BlackElo "2179"]
[Annotator "NA"]
[PlyCount "60"]
[EventDate "2019.05.02"]
[EventType "team-tourn"]
[EventCountry "FRA"]
[SourceTitle "playchess.com"]
[Source "ChessBase"]
[SourceQuality "1"]
[TimeControl "40/5400+30:1800+30"]

1. e4 {[%emt 0:00:00]} c5 {[%emt 0:00:00]} 2. Nf3 {[%emt 0:00:00]} Nc6 {[%emt 0:00:00]} 3. d4 {[%emt 0:00:00]} cxd4 {[%emt 0:00:00]} 4. Nxd4 {[%emt 0:00:00]} e5 {[%emt 0:00:13]} 5. Nb5 {[%emt 0:00:00]} d6 {[%emt 0:00:04]} 6. N1c3 {[%emt 0:00:07]} a6 {[%emt 0:00:25]} 7. Na3 {[%emt 0:00:06]} Be6 {[%emt 0:02:30]} 8. Be2 {[%emt 0:07:18]} Nf6 {[%emt 0:09:59]} 9. Bg5 {[%emt 0:04:49]} Nd4 {[%emt 0:04:40]} 10. O-O {[%emt 0:05:40]} Be7 {[%emt 0:09:07]} 11. Bxf6 {[%emt 0:04:49]} Bxf6 {[%emt 0:04:00]} 12. Nc4 {[%emt 0:13:35]} O-O {[%emt 0:08:27]} 13. Ne3 {[%emt 0:03:42]} Rc8 {[%emt 0:02:32]} 14. Bd3 {[%emt 0:01:16]} Bg5 {[%emt 0:02:46]} 15. Ncd5 {[%emt 0:03:11]} Kh8 {[%emt 0:24:34]} 16. c3 {[%emt 0:08:42]} Nc6 {[%emt 0:00:06]} 17. Qe2 {[%emt 0:13:52]} Bh6 {[%emt 0:01:15]} 18. Rfd1 {[%emt 0:01:35]} Qg5 {[%emt 0:01:38]} 19. Nb6 {[%emt 0:04:23]} Rcd8 {[%emt 0:00:38]} 20. Bc4 {[%emt 0:01:08]} Ne7 {[%emt 0:06:29]} 21. g3 {[%emt 0:10:08]} Ng6 {[%emt 0:00:36]} 22. Kh1 {[%emt 0:08:00]} Bh3 {[%emt 0:02:04]} 23. Nbd5 {[%emt 0:02:45]} f5 {[%emt 0:03:38]} 24. exf5 {[%emt 0:03:07]} Bxf5 {[%emt 0:00:25]} 25. Nxf5 {[%emt 0:00:12]} Qxf5 {[%emt 0:00:21]} 26. Kg1 {[%emt 0:00:13]} e4 {[%emt 0:04:45]} 27. g4 {[%emt 0:01:54]} Qe5 {[%emt 0:03:25]} 28. Rd4 {[%emt 0:01:28]} Nh4 {[%emt 0:03:29]} 29. Qxe4 {[%emt 0:00:55]} Nf3+ {[%emt 0:00:19]} 30. Kf1 {[%emt 0:00:04]} Nd2+ {[%emt 0:00:57]} 0-1

[Event "FRA-chTW Top 12 2019"]
[Site "Vandoeuvre"]
[Date "2019.05.02"]
[Round "1.3"]
[White "Flear, Christine"]
[Black "Franc, Nathalie"]
[Result "1-0"]
[WhiteElo "2037"]
[BlackElo "2004"]
[Annotator "NA"]
[PlyCount "57"]
[EventDate "2019.05.02"]
[EventType "team-tourn"]
[EventCountry "FRA"]
[SourceTitle "playchess.com"]
[Source "ChessBase"]
[SourceQuality "1"]
[TimeControl "40/5400+30:1800+30"]

1. d4 {[%emt 0:00:00]} Nf6 {[%emt 0:00:00]} 2. c4 {[%emt 0:00:04]} e6 {[%emt 0:00:04]} 3. Nc3 {[%emt 0:00:26]} Bb4 {[%emt 0:00:36]} 4. e3 {[%emt 0:00:30]} O-O {[%emt 0:02:45]} 5. Nge2 {[%emt 0:00:45]} Re8 {[%emt 0:01:28]} 6. a3 {[%emt 0:02:31]} Bxc3+ {[%emt 0:00:11]} 7. Nxc3 {[%emt 0:00:16]} d6 {[%emt 0:02:25]} 8. Be2 {[%emt 0:04:31]} Nbd7 {[%emt 0:06:37]} 9. O-O {[%emt 0:05:36]} e5 {[%emt 0:03:57]} 10. b4 {[%emt 0:02:25]} Nf8 {[%emt 0:16:44]} 11. dxe5 {[%emt 0:11:48]} Rxe5 {[%emt 0:13:01]} 12. f4 {[%emt 0:04:23]} Re8 {[%emt 0:02:45]} 13. Bf3 {[%emt 0:01:17]} Ng6 {[%emt 0:02:07]} 14. g3 {[%emt 0:04:56]} Rb8 {[%emt 0:07:22]} 15. Qd4 {[%emt 0:10:22]} Bh3 {[%emt 0:13:36]} 16. Re1 {[%emt 0:04:57]} a6 {[%emt 0:04:31]} 17. Bb2 {[%emt 0:01:42]} c5 {[%emt 0:09:03]} 18. Qd3 {[%emt 0:08:24]} cxb4 {[%emt 0:02:11]} 19. axb4 {[%emt 0:00:03]} Qb6 {[%emt 0:00:45]} 20. Na4 {[%emt 0:01:07]} Qc7 {[%emt 0:02:48]} 21. Bxf6 {[%emt 0:11:14]} gxf6 {[%emt 0:00:06]} 22. Nc3 {[%emt 0:05:46]} Ne7 {[%emt 0:04:15]} 23. Ne4 {[%emt 0:03:57]} Kg7 {[%emt 0:00:14]} 24. Qd4 {[%emt 0:02:16]} Ng8 {[%emt 0:00:30]} 25. Nxd6 {[%emt 0:01:56]} Red8 {[%emt 0:00:38]} 26. c5 {[%emt 0:00:19]} Qd7 {[%emt 0:02:41]} 27. e4 {[%emt 0:02:42]} Kf8 {[%emt 0:01:05]} 28. e5 {[%emt 0:01:41]} fxe5 {[%emt 0:00:09]} 29. Qxe5 {[%emt 0:00:37]} 1-0

[Event "FRA-chTW Top 12 2019"]
[Site "Vandoeuvre"]
[Date "2019.05.02"]
[Round "1.4"]
[White "Fischer, Julie"]
[Black "Neuhauser, Salome"]
[Result "1-0"]
[WhiteElo "2046"]
[BlackElo "2073"]
[Annotator "NA"]
[PlyCount "67"]
[EventDate "2019.05.02"]
[EventType "team-tourn"]
[EventCountry "FRA"]
[SourceTitle "playchess.com"]
[Source "ChessBase"]
[SourceQuality "1"]
[TimeControl "40/5400+30:1800+30"]

1. e4 {[%emt 0:00:00]} c5 {[%emt 0:00:00]} 2. Nf3 {[%emt 0:00:00]} Nc6 {[%emt 0:00:00]} 3. Bb5 {[%emt 0:00:00]} g6 {[%emt 0:00:00]} 4. Bxc6 {[%emt 0:00:15]} dxc6 {[%emt 0:00:11]} 5. d3 {[%emt 0:00:34]} Bg7 {[%emt 0:00:07]} 6. h3 {[%emt 0:00:54]} e5 {[%emt 0:02:35]} 7. Be3 {[%emt 0:01:45]} Qe7 {[%emt 0:00:35]} 8. Qd2 {[%emt 0:09:30]} Nf6 {[%emt 0:00:22]} 9. Bg5 {[%emt 0:06:33]} Qc7 {[%emt 0:03:51]} 10. Bh6 {[%emt 0:08:30]} O-O {[%emt 0:01:05]} 11. Nc3 {[%emt 0:07:21]} Rd8 {[%emt 0:05:13]} 12. Bxg7 {[%emt 0:06:04]} Kxg7 {[%emt 0:00:06]} 13. Qg5 {[%emt 0:00:09]} Nd7 {[%emt 0:03:51]} 14. h4 {[%emt 0:12:24]} f6 {[%emt 0:02:31]} 15. Qe3 {[%emt 0:00:05]} h6 {[%emt 0:02:32]} 16. g4 {[%emt 0:01:44]} Rh8 {[%emt 0:12:39]} 17. O-O-O {[%emt 0:00:53]} Nf8 {[%emt 0:15:59]} 18. g5 {[%emt 0:01:18]} Ne6 {[%emt 0:03:59]} 19. gxf6+ {[%emt 0:09:00]} Kxf6 {[%emt 0:01:42]} 20. Rdg1 {[%emt 0:00:39]} Bd7 {[%emt 0:00:42]} 21. Ne2 {[%emt 0:04:32]} Rag8 {[%emt 0:03:03]} 22. Nh2 {[%emt 0:07:39]} Ke7 {[%emt 0:07:02]} 23. h5 {[%emt 0:03:55]} g5 {[%emt 0:04:30]} 24. Ng3 {[%emt 0:00:26]} Kd8 {[%emt 0:00:16]} 25. Nf5 {[%emt 0:05:05]} Nd4 {[%emt 0:06:54]} 26. Ng4 {[%emt 0:03:20]} Nxf5 {[%emt 0:04:38]} 27. exf5 {[%emt 0:00:07]} Bxf5 {[%emt 0:00:39]} 28. Nxh6 {[%emt 0:01:03]} Rxh6 {[%emt 0:03:40]} 29. Rxg5 {[%emt 0:00:09]} Bg6 {[%emt 0:05:31]} 30. Rhg1 {[%emt 0:00:10]} Qf7 {[%emt 0:01:06]} 31. Qxe5 {[%emt 0:02:33]} Rxh5 {[%emt 0:03:28]} 32. Rxh5 {[%emt 0:00:20]} Bxh5 {[%emt 0:00:13]} 33. Rxg8+ {[%emt 0:00:08]} Qxg8 {[%emt 0:00:07]} 34. Qb8+ {[%emt 0:00:03]} 1-0

[Event "FRA-chTW Top 12 2019"]
[Site "Vandoeuvre"]
[Date "2019.05.02"]
[Round "1.4"]
[White "Bauer, Alexandra"]
[Black "Moingt, Anne"]
[Result "0-1"]
[WhiteElo "1349"]
[BlackElo "2042"]
[Annotator "NA"]
[PlyCount "144"]
[EventDate "2019.05.02"]
[EventType "team-tourn"]
[EventCountry "FRA"]
[SourceTitle "playchess.com"]
[Source "ChessBase"]
[SourceQuality "1"]
[TimeControl "40/5400+30:1800+30"]

1. d4 {[%emt 0:00:00]} Nf6 {[%emt 0:00:00]} 2. Bf4 {[%emt 0:00:00]} e6 {[%emt 0:00:02]} 3. e3 {[%emt 0:00:17]} c5 {[%emt 0:01:00]} 4. c3 {[%emt 0:02:44]} b6 {[%emt 0:01:06]} 5. Nf3 {[%emt 0:01:00]} Bb7 {[%emt 0:00:19]} 6. Nbd2 {[%emt 0:01:10]} Be7 {[%emt 0:01:02]} 7. Bd3 {[%emt 0:01:56]} cxd4 {[%emt 0:03:10]} 8. cxd4 {[%emt 0:01:43]} O-O {[%emt 0:04:02]} 9. O-O {[%emt 0:02:20]} Nc6 {[%emt 0:05:10]} 10. a3 {[%emt 0:05:31]} d6 {[%emt 0:06:01]} 11. Qe2 {[%emt 0:16:23]} Nh5 {[%emt 0:06:08]} 12. Bg3 {[%emt 0:00:45]} Nxg3 {[%emt 0:00:06]} 13. hxg3 {[%emt 0:00:15]} a6 {[%emt 0:03:48]} 14. Rac1 {[%emt 0:02:58]} Qd7 {[%emt 0:01:33]} 15. Nc4 {[%emt 0:10:52]} Bd8 {[%emt 0:02:39]} 16. Qc2 {[%emt 0:04:54]} g6 {[%emt 0:00:35]} 17. b4 {[%emt 0:05:04]} Rc8 {[%emt 0:04:24]} 18. Qb1 {[%emt 0:04:45]} b5 {[%emt 0:02:32]} 19. Ncd2 {[%emt 0:00:35]} Bf6 {[%emt 0:01:39]} 20. Nb3 {[%emt 0:05:45]} Qd8 {[%emt 0:06:24]} 21. Rfd1 {[%emt 0:04:52]} Qb6 {[%emt 0:01:47]} 22. Be2 {[%emt 0:02:16]} Bg7 {[%emt 0:01:01]} 23. Rd2 {[%emt 0:05:16]} h6 {[%emt 0:08:12]} 24. Ne1 {[%emt 0:04:29]} e5 {[%emt 0:02:11]} 25. d5 {[%emt 0:05:54]} Ne7 {[%emt 0:00:11]} 26. Bf3 {[%emt 0:03:35]} f5 {[%emt 0:02:26]} 27. e4 {[%emt 0:00:29]} Bf6 {[%emt 0:08:35]} 28. Rcc2 {[%emt 0:04:21]} Kg7 {[%emt 0:04:51]} 29. Qd1 {[%emt 0:00:42]} Bg5 {[%emt 0:01:59]} 30. Rd3 {[%emt 0:00:50]} fxe4 {[%emt 0:04:34]} 31. Bxe4 {[%emt 0:00:04]} Rc4 {[%emt 0:00:07]} 32. Bf3 {[%emt 0:00:23]} e4 {[%emt 0:00:24]} 33. Bxe4 {[%emt 0:01:20]} Rxe4 {[%emt 0:00:05]} 34. Nf3 {[%emt 0:00:25]} Nf5 {[%emt 0:02:08]} 35. Nbd2 {[%emt 0:02:55]} Re7 {[%emt 0:00:31]} 36. Kf1 {[%emt 0:00:36]} Bf6 {[%emt 0:02:06]} 37. Qc1 {[%emt 0:00:25]} Nd4 {[%emt 0:00:35]} 38. Nxd4 {[%emt 0:00:21]} Bxd4 {[%emt 0:00:02]} 39. Nf3 {[%emt 0:00:09]} Bf6 {[%emt 0:00:28]} 40. Qd2 {[%emt 0:00:36]} Rfe8 {[%emt 0:00:48]} 41. Qd1 {[%emt 0:30:47]} Bc8 {[%emt 0:32:52]} 42. Rc6 {[%emt 0:00:44]} Qd8 {[%emt 0:00:00]} 43. Rd2 {[%emt 0:00:27]} Bg4 {[%emt 0:01:27]} 44. Rc1 {[%emt 0:00:29]} Bxf3 {[%emt 0:00:23]} 45. gxf3 {[%emt 0:00:11]} a5 {[%emt 0:01:36]} 46. Qc2 {[%emt 0:00:34]} axb4 {[%emt 0:00:36]} 47. axb4 {[%emt 0:00:02]} Qd7 {[%emt 0:00:12]} 48. Kg2 {[%emt 0:00:31]} Bg5 {[%emt 0:02:59]} 49. f4 {[%emt 0:00:41]} Bf6 {[%emt 0:00:03]} 50. Qc6 {[%emt 0:00:27]} Qf5 {[%emt 0:00:37]} 51. Qxd6 {[%emt 0:00:59]} Qe4+ {[%emt 0:00:04]} 52. Kh2 {[%emt 0:00:31]} Rf7 {[%emt 0:01:50]} 53. Qc5 {[%emt 0:00:38]} g5 {[%emt 0:01:21]} 54. Qxb5 {[%emt 0:00:33]} gxf4 {[%emt 0:00:06]} 55. Rcc2 {[%emt 0:00:25]} fxg3+ {[%emt 0:00:41]} 56. fxg3 {[%emt 0:00:11]} Rd8 {[%emt 0:00:43]} 57. d6 {[%emt 0:00:48]} Bg5 {[%emt 0:01:00]} 58. Re2 {[%emt 0:00:26]} Qd4 {[%emt 0:00:21]} 59. Qa5 {[%emt 0:00:40]} Rxd6 {[%emt 0:00:50]} 60. Qe5+ {[%emt 0:00:10]} Bf6 {[%emt 0:01:17]} 61. Qxd4 {[%emt 0:00:06]} Rxd4 {[%emt 0:00:06]} 62. Rb2 {[%emt 0:01:12]} Rb7 {[%emt 0:00:56]} 63. b5 {[%emt 0:00:21]} Rd5 {[%emt 0:01:09]} 64. Rb1 {[%emt 0:00:11]} Rdxb5 {[%emt 0:00:12]} 65. Rxb5 {[%emt 0:00:06]} Rxb5 {[%emt 0:00:05]} 66. Kg2 {[%emt 0:00:44]} Rb3 {[%emt 0:00:05]} 67. Rf2 {[%emt 0:01:08]} Kg6 {[%emt 0:00:35]} 68. Rf3 {[%emt 0:00:27]} Rb5 {[%emt 0:00:33]} 69. Rd3 {[%emt 0:00:29]} Kg5 {[%emt 0:00:24]} 70. Kf3 {[%emt 0:00:33]} Be5 {[%emt 0:02:53]} 71. Kf2 {[%emt 0:00:32]} Kg4 {[%emt 0:00:27]} 72. Re3 {[%emt 0:00:24]} Bd4 {[%emt 0:00:06]} 0-1

[Event "FRA-chTW Top 12 2019"]
[Site "Vandoeuvre"]
[Date "2019.05.02"]
[Round "1.5"]
[White "Cramling, Pia"]
[Black "Atalik, Ekaterina"]
[Result "1/2-1/2"]
[WhiteElo "2454"]
[BlackElo "2458"]
[Annotator "ChessBase"]
[PlyCount "32"]
[EventDate "2019.05.02"]
[EventType "team-tourn"]
[EventCountry "FRA"]
[SourceTitle "playchess.com"]
[Source "ChessBase"]
[SourceQuality "1"]
[TimeControl "40/5400+30:1800+30"]

1. Nf3 {[%emt 0:00:00]} Nf6 {[%emt 0:00:00]} 2. c4 {[%emt 0:00:00]} g6 {[%emt 0:00:00]} 3. Nc3 {[%emt 0:00:38]} d5 {[%emt 0:00:26]} 4. cxd5 {[%emt 0:00:55]} Nxd5 {[%emt 0:00:06]} 5. e4 {[%emt 0:04:53]} Nxc3 {[%emt 0:01:01]} 6. dxc3 {[%emt 0:00:04]} Qxd1+ {[%emt 0:00:51]} 7. Kxd1 {[%emt 0:00:04]} f6 {[%emt 0:01:13]} 8. Be3 {[%emt 0:01:16]} e5 {[%emt 0:01:23]} 9. Bc4 {[%emt 0:00:41]} Nd7 {[%emt 0:02:12]} 10. Kc2 {[%emt 0:09:42]} Bc5 {[%emt 0:01:46]} 11. Rhe1 {[%emt 0:01:56]} Bxe3 {[%emt 0:01:22]} 12. Rxe3 {[%emt 0:00:05]} Ke7 {[%emt 0:01:36]} 13. Nd2 {[%emt 0:04:24]} Nb6 {[%emt 0:03:25]} 14. Bb3 {[%emt 0:01:50]} Bd7 {[%emt 0:03:11]} 15. Nc4 {[%emt 0:08:05]} Nxc4 {[%emt 0:02:14]} 16. Bxc4 {[%emt 0:00:06]} Rad8 {[%emt 0:00:52]} 1/2-1/2